000 00678nam a2200217Ia 4500
003 GCL
008 140319s9999 xx 000 0 ara d
040 _aGCL /
_cGCL
082 0 4 _a891.55
_bن ع
100 1 _aنجيب جورجى
245 1 0 _aعمر الخيام: حياته ورباعياته /
_cنجيب جورجى
300 _a79 ص
490 _aالهيئة العامة للاستعلامات
_v0
650 0 4 _aالشعر العربى
650 0 4 _aالادب العربى
650 0 4 _aالشعراء العرب
650 0 4 _aالدولة العباسية الثانية
650 0 4 _aتاريخ ونقد
650 0 4 _aعمر الخيام
942 _2ddc
_cBK
999 _c47241
_d47241